Ḥalom lel ḳayits (Record no. 32791)

MARC details
000 -LEADER
fixed length control field 00787cam a22002651 4500
001 - CONTROL NUMBER
control field he 67002392
003 - CONTROL NUMBER IDENTIFIER
control field DLC
005 - DATE AND TIME OF LATEST TRANSACTION
control field 20260227111452.0
008 - FIXED-LENGTH DATA ELEMENTS--GENERAL INFORMATION
fixed length control field 861110s1964 is a 000 0 hebo
010 ## - LIBRARY OF CONGRESS CONTROL NUMBER
LC control number he 67002392
035 ## - SYSTEM CONTROL NUMBER
System control number (OCoLC)14696539
040 ## - CATALOGING SOURCE
Original cataloging agency DLC
Transcribing agency CU
Modifying agency DLC
041 1# - LANGUAGE CODE
Language code of text/sound track or separate title heb
Language code of original eng
042 ## - AUTHENTICATION CODE
Authentication code premarc
050 00 - LIBRARY OF CONGRESS CALL NUMBER
Classification number PR2878
Item number .M6 1964
100 1# - MAIN ENTRY--PERSONAL NAME
Personal name Shakespeare, William,
Dates associated with a name 1564-1616.
240 10 - UNIFORM TITLE
Uniform title Midsummer night's dream.
Language of a work Hebrew
245 10 - TITLE STATEMENT
Title Ḥalom lel ḳayits
Statement of responsibility, etc. [me-et] Ṿilyam Sheḳspir. Tirgem Ṭ. Karmi.
260 ## - PUBLICATION, DISTRIBUTION, ETC.
Place of publication, distribution, etc. Merḥavyah,
Name of publisher, distributor, etc. Sifriyat Poʻalim,
Date of publication, distribution, etc. 724 [1964]
300 ## - PHYSICAL DESCRIPTION
Extent 126 p.
Other physical details illus.
Dimensions 19 cm.
440 #0 - SERIES STATEMENT/ADDED ENTRY--TITLE
Title Sifre mofet
500 ## - GENERAL NOTE
General note Vocalized.
500 ## - GENERAL NOTE
General note Translation of A midsummer night's dream.
700 1# - ADDED ENTRY--PERSONAL NAME
Personal name Carmi, T.,
Dates associated with a name 1925-1994.

No items available.

Powered by Koha